| 000 | 00608nam a2200241Ia 4500 | ||
|---|---|---|---|
| 008 | 210210b2009 xxu||||| |||| 00| 0 eng d | ||
| 020 | _a9788132100751 | ||
| 041 | _aeng | ||
| 082 | _a658.3 CHAH | ||
| 100 | _aCHANDA (Ashok) | ||
| 245 | _aHRM strategic integration and organizational performance | ||
| 260 |
_aNew Delhi _bResponse Books _c2009 |
||
| 300 | _axxiv-384 | ||
| 650 | _astrategic | ||
| 650 | _aperformance | ||
| 650 | _aorganizational | ||
| 650 | _aintegration | ||
| 650 | _aHRM | ||
| 650 | _aand | ||
| 690 | _aHuman Resource Management | ||
| 700 | _aSHEN (Jie) | ||
| 906 | _a066151 | ||
| 999 |
_c146517 _d146517 |
||